00797cam a22002291i 4500001001300000003000400013005001700017008004100034010001700075035001900092040002700111042001200138050002000150100004100170245013000211260004600341300003100387600003400418651004900452651004900501999001700550sd 18000119 DLC20260227112730.0770215s1867 stkc b 000 0beng  asd 18000119  a(OCoLC)2740725 aDLCcNSbSUdNSbSUdDLC apremarc00aDA950.23.D7bM21 aMcLennan, John Ferguson,d1827-1881.10aMemoir of Thomas Drummond, R.E.,F.R.A.S., under secretary to the lord lieutenant of Ireland, 1835-1840.cBy John F. M'Lennan. aEdinburgh,bEdmonston and Douglas,c1867. avii, 475 p.bport.c23 cm.10aDrummond, Thomas,d1797-1840. 0aIrelandxPolitics and governmenty1800-1837. 0aIrelandxPolitics and governmenty1837-1901. c89688d89688